Statistics for FIFA Ballon D'Or 2019

Click here to take the quiz!

General Stats

  • This quiz has been taken 557 times
  • The average score is 26 of 30

Answer Stats

RankPlayerClubNationality% Correct
3Cristiano RonaldoJuventusPortugal
98%
1Lionel MessiBarcelonaArgentina
98%
5Mohamed SalahLiverpoolEgypt
97%
8Robert LewandowskiBayern MunichPoland
96%
4Sadio ManéLiverpoolSenegal
96%
2Virgil Van DijkLiverpoolNetherlands
96%
6Kylian MbappéPSGFrance
95%
22Son Heung-MinTottenhamSouth Korea
95%
14Kevin De BruyneMan CityBelgium
93%
11Frenkie de JongBarcelonaNetherlands
92%
10Riyad MahrezMan CityAlgeria
92%
13Eden HazardReal MadridBelgium
91%
9Bernardo SilvaMan CityPortugal
89%
16Sergio AgueroMan CityArgentina
89%
7AlissonLiverpoolBrazil
88%
17Roberto FirminoLiverpoolBrazil
88%
26Karim BenzemaReal MadridFrance
87%
15Matthijs de LigtJuventusNetherlands
85%
28João FélixAtlético MadridPortugal
84%
20P-E AubameyangArsenalGabon
84%
24Marc-André ter StegenBarcelonaGermany
83%
23Hugo LlorisTottenhamFrance
82%
24Kalidou KoulibalyNapoliSenegal
80%
19Trent Alexander-ArnoldLiverpoolEngland
78%
12Raheem SterlingMan CityEngland
76%
28MarquinhosPSGBrazil
75%
20Dušan TadićAjaxSerbia
74%
26Georginio WijnaldumLiverpoolNetherlands
71%
18Antoine GriezmannBarcelonaFrance
70%
28Donny van de BeekAjaxNetherlands
53%

Score Distribution

Percentile by Number Answered

Percent of People with Each Score

Your Score History

You have not taken this quiz